Statistics for NHL Teams

Click here to take the quiz!

General Stats

  • This quiz has been taken 9 times
  • The average score is 26 of 32

Answer Stats

HintAnswer% Correct
St. LouisBlues
100%
VancouverCanucks
100%
CalgaryFlames
100%
New YorkIslanders
100%
WinnipegJets
100%
SeattleKraken
100%
PittsburgPengiuns
100%
ColaradoAvalanche
88%
ChicagoBlackhawks
88%
BostonBruins
88%
MontrealCanadiens
88%
AnaheimDucks
88%
VegasGolden Knights
88%
Los AngelesKings
88%
TorontoMaple Leafs
88%
ArizonaCoyotes
75%
New JerseyDevils
75%
PhiladelphiaFlyers
75%
EdmingtonOilers
75%
New YorkRangers
75%
BuffaloSabers
75%
San JoseSharks
75%
DallasStars
75%
MinnesotaWild
75%
ColumbusBlue Jackets
63%
WashingtonCapitals
63%
CaliforniaHurricanes
63%
FloridaPanthers
63%
NashvillePredators
63%
DetroitRed Wings
63%
OttawaSenators
63%
Tampa BayLightning
50%

Score Distribution

Percentile by Number Answered

Percent of People with Each Score

Your Score History

You have not taken this quiz